1075 1666 1578 1980 1189 1045 1480 1187 1560 1621 1362 1720 1046 1729 1078 1780 1749 1364 1857 1108 1873 1395 1299 1524 1723 1947 1497 1930 1889 2000 1285 1120 1225 1359 1828 1127 1621 1052 1105 1780 1722 1913 1392 1762 1501 1247 1541 1819 1852 1847 1646 1379 1496 1186 1008 1430 1692 1949 1185 1364 1472 1471 1978 1779 1468 1508 1599 1379 1319 1698 1532 1057 1470 1306 1717 1341 1281 1201 1101 1087 1605 1682 1482 1300 1628 1128 1124 1382 1192 1250 1359 1097 1403 1898 1279 1074 1581 1089 1818 BCNSPRNW ULIB Ver.6.0+V

เปลี่ยนเป็นภาษาไทย

Change to English
 แสดงรายละเอียดบรรณานุกรม
  กลับหน้าหลัก

Brief Record : Get Marc (ISO 2709) : E-mail record : QR code < ปิดหน้าต่าง
LEADER : 00000nam 2200000uu 4500
001    13399114481
003     ULIB
008    120404s2551||||th 000 0 tha d
020    ^a9789741034499
090    ^aนว.^bส192จ 2551
100 0  ^aThe Healer of Mars
245 00 ^aใจดวงเซอร์ ๆ มีเธออยู่ในนั้น/^cThe Healer of Mars
250    ^aพิมพ์ครั้งที่ 1
260    ^aกรุงเทพฯ :^bกรีน-ปัญญาญาณ,^c2551
300    ^a230 หน้า
710 1  ^aกรีน-ปัญญาณาณ
945    ^p180^l0^i15323
995    ^aกัณชพร
999    ^aใช้งานได้ทุกระบบ
รายการนี้ยังไม่มีแท็ก
คุณยังไม่ได้ล็อกอิน คุณสามารถมีกิจกรรมร่วมกับเว็บไซต์ได้ แต่ต้องล็อกอินก่อน ::
  ล็อกอิน

รายการสื่อสารสนเทศ

ลำดับที่ ประเภท เลขเรียก/บาร์โค้ด สถานที่ สถานะ
1. วิทยาศาสตร์การแพทย์ และสุขภาพ
วิทยาศาสตร์การแพทย์ และสุขภาพ
นว. ส192จ 2551  
  Barcode: 15323
ห้องสมุดวิทยาเขตสวรรค์ประชารักษ์
►นวนิยาย
บนชั้น
  ขอยืม

BibComment


ยังไม่เคยถูกคอมเมนท์

คอมเมนท์ทรัพยากรรายการนี้
  คอมเมนท์: ใจดวงเซอร์ ๆ มีเ..


 Copyright 2026. Bcnsprnw @Library